000 00575nam a22002417a 4500
003 UA-OsUOA
001 22382
007 ta
008 20031219b un ||||| |||| 00| 0 ukr d
100 _aФурье Ш.
090 _a141.813
_bФ95
942 _cBK
040 _aUA-OsUOA
_brus
_cUA-OsUOA
_dUA-OsUOA
245 _aИзбранные сочинения
300 _a396 с.
955 _a0
041 _arus
080 _a141.813
260 _aМосква
_bИзд. академии Наук СССР
_c1952
044 _aRU
650 7 _2UDC
999 _c308600
_d308600